[Event "40. Open Benasque 2021"]
[Site "Benasque ESP"]
[Date "2021.07.05"]
[Round "1.1"]
[White "Aguinaga Ruiz, Jesus Luis"]
[Black "Nisipeanu, Liviu Dieter"]
[Result "0-1"]
[WhiteElo "1939"]
[BlackElo "2656"]
[PlyCount "46"]
[EventDate "2021.07.05"]
[EventType "swiss"]
[EventRounds "9"]
[EventCountry "ESP"]
[SourceTitle "Ajedrez en Madrid"]
[Source "lmi"]
[SourceDate "2021.07.05"]
[SourceVersion "1"]
[SourceVersionDate "2021.07.12"]
[SourceQuality "1"]

1. d4 d6 2. Bf4 g6 3. e3 Nd7 4. Nf3 Bg7 5. Be2 e5 6. Bg3 Nh6 7. h3 O-O 8. c4
Nf5 9. Bh2 exd4 10. exd4 c5 11. O-O cxd4 12. g4 d3 13. Qxd3 Bxb2 14. Nc3 Ne5
15. Nxe5 dxe5 16. Qxd8 Rxd8 17. gxf5 Bxc3 18. Rac1 Bd4 19. fxg6 hxg6 20. Kg2
Be6 21. Bf3 Rac8 22. Bxb7 Rxc4 23. Rce1 Rc3 0-1

[Event "40. Open Benasque 2021"]
[Site "Benasque ESP"]
[Date "2021.07.05"]
[Round "1.2"]
[White "Lagarde, Maxime"]
[Black "Carnero Rodriguez, Sergio"]
[Result "1-0"]
[WhiteElo "2648"]
[BlackElo "1939"]
[PlyCount "81"]
[EventDate "2021.07.05"]
[EventType "swiss"]
[EventRounds "9"]
[EventCountry "ESP"]
[SourceTitle "Ajedrez en Madrid"]
[Source "lmi"]
[SourceDate "2021.07.05"]
[SourceVersion "1"]
[SourceVersionDate "2021.07.12"]
[SourceQuality "1"]

1. Nf3 d5 2. e3 Nf6 3. c4 e6 4. b3 c5 5. Bb2 a6 6. Nc3 dxc4 7. bxc4 b6 8. Rg1
Bb7 9. g4 Nc6 10. g5 Nd7 11. Be2 Qc7 12. Rb1 O-O-O 13. Na4 Kb8 14. Bc3 Rg8 15.
Rg3 Bd6 16. Rh3 Nce5 17. Nxb6 Nxb6 18. Nxe5 Bxe5 19. Bxe5 Qxe5 20. Rxb6 Qxg5
21. Bf3 Qg1+ 22. Ke2 Qxd1+ 23. Kxd1 Rd7 24. Rxh7 Ka7 25. Rxb7+ Rxb7 26. Bxb7
Kxb7 27. f4 Kc6 28. Kc2 f6 29. h4 e5 30. fxe5 fxe5 31. Rh5 Re8 32. Rg5 Re7 33.
Rg6+ Kb7 34. Kd3 e4+ 35. Kc3 a5 36. a4 Rd7 37. Kc2 Re7 38. Rd6 Kc7 39. Ra6 Re5
40. Ra7+ Kc6 41. Rxg7 1-0

[Event "40. Open Benasque 2021"]
[Site "Benasque ESP"]
[Date "2021.07.05"]
[Round "1.4"]
[White "Santos Ruiz, Miguel"]
[Black "De Lucas Bello, Federico"]
[Result "1-0"]
[WhiteElo "2594"]
[BlackElo "1935"]
[PlyCount "41"]
[EventDate "2021.07.05"]
[EventType "swiss"]
[EventRounds "9"]
[EventCountry "ESP"]
[SourceTitle "Ajedrez en Madrid"]
[Source "lmi"]
[SourceDate "2021.07.05"]
[SourceVersion "1"]
[SourceVersionDate "2021.07.12"]
[SourceQuality "1"]

1. e4 c5 2. Nf3 d6 3. d4 cxd4 4. Nxd4 Nf6 5. Nc3 a6 6. Be2 e5 7. Nb3 Be7 8. Be3
Be6 9. Nd5 Nbd7 10. Qd3 Rc8 11. c4 O-O 12. O-O Re8 13. Rac1 Bf8 14. Rfd1 h6 15.
Nd2 Nh7 16. b4 b6 17. Nb3 g6 18. Qd2 Nhf6 19. f3 Kh7 20. a4 Bxd5 21. cxd5 1-0

[Event "40. Open Benasque 2021"]
[Site "Benasque ESP"]
[Date "2021.07.05"]
[Round "1.5"]
[White "Ayensa Garcia, Miguel Angel"]
[Black "Thybo, Jesper Sondergaard"]
[Result "0-1"]
[WhiteElo "1935"]
[BlackElo "2575"]
[PlyCount "56"]
[EventDate "2021.07.05"]
[EventType "swiss"]
[EventRounds "9"]
[EventCountry "ESP"]
[SourceTitle "Ajedrez en Madrid"]
[Source "lmi"]
[SourceDate "2021.07.05"]
[SourceVersion "1"]
[SourceVersionDate "2021.07.12"]
[SourceQuality "1"]

1. c4 e6 2. g3 d5 3. Bg2 d4 4. Nf3 c5 5. O-O Nc6 6. d3 Nf6 7. e3 h6 8. exd4
cxd4 9. a3 a5 10. b3 Bd6 11. Bb2 O-O 12. Nbd2 e5 13. Re1 Bf5 14. Qc2 Bh7 15. c5
Bc7 16. Nc4 Nd7 17. Nd6 Bxd6 18. cxd6 Qb8 19. Bh3 f5 20. Qc4+ Kh8 21. b4 Bg8
22. Qb5 Qxd6 23. Nh4 Bh7 24. Bg2 axb4 25. Qxb7 e4 26. axb4 Rab8 27. Qa6 Rb6 28.
Qc4 Nde5 0-1

[Event "40. Open Benasque 2021"]
[Site "Benasque ESP"]
[Date "2021.07.05"]
[Round "1.6"]
[White "Forcen Esteban, Daniel"]
[Black "Gonzalvez Tamarit, Ivan"]
[Result "1-0"]
[WhiteElo "2566"]
[BlackElo "1935"]
[PlyCount "39"]
[EventDate "2021.07.05"]
[EventType "swiss"]
[EventRounds "9"]
[EventCountry "ESP"]
[SourceTitle "Ajedrez en Madrid"]
[Source "lmi"]
[SourceDate "2021.07.05"]
[SourceVersion "1"]
[SourceVersionDate "2021.07.12"]
[SourceQuality "1"]

1. e4 c6 2. d4 d5 3. exd5 cxd5 4. c4 Nf6 5. Nc3 g6 6. Bg5 Bg7 7. Bxf6 Bxf6 8.
cxd5 O-O 9. Bc4 Qb6 10. Nge2 Qxb2 11. Rb1 Qa3 12. h4 h5 13. Ne4 Qa5+ 14. Kf1
Bg7 15. N2g3 Qc7 16. Rc1 Qf4 17. Rc3 Bg4 18. f3 Nd7 19. Ne2 Qf5 20. Nf2 1-0

[Event "40. Open Benasque 2021"]
[Site "Benasque ESP"]
[Date "2021.07.06"]
[Round "2.1"]
[White "Nisipeanu, Liviu Dieter"]
[Black "Hernandez Leon, Sergio"]
[Result "1-0"]
[WhiteElo "2656"]
[BlackElo "2187"]
[PlyCount "61"]
[EventDate "2021.07.05"]
[EventType "swiss"]
[EventRounds "9"]
[EventCountry "ESP"]
[SourceTitle "Ajedrez en Madrid"]
[Source "lmi"]
[SourceDate "2021.07.05"]
[SourceVersion "1"]
[SourceVersionDate "2021.07.12"]
[SourceQuality "1"]

1. d4 Nf6 2. Nf3 e6 3. Bf4 c5 4. e3 Nc6 5. c3 d5 6. Nbd2 Bd6 7. Bg3 O-O 8. Bd3
b6 9. e4 Be7 10. e5 Nh5 11. Ng5 Bxg5 12. Qxh5 g6 13. Qe2 f5 14. exf6 Bxf6 15.
Nf3 cxd4 16. Bb5 d3 17. Qxd3 Ne7 18. O-O a6 19. Ba4 b5 20. Bb3 Nf5 21. Be5 Bb7
22. Rfe1 Nd6 23. Nd4 Bxe5 24. Rxe5 Qf6 25. Qe3 Nf5 26. Nxf5 exf5 27. Re1 Rad8
28. Re6 Qg7 29. Re7 Rf7 30. Qb6 Rd7 31. Rxd7 1-0

[Event "40. Open Benasque 2021"]
[Site "Benasque ESP"]
[Date "2021.07.06"]
[Round "2.2"]
[White "Campora Perez, Daniel"]
[Black "Lagarde, Maxime"]
[Result "0-1"]
[WhiteElo "2178"]
[BlackElo "2648"]
[PlyCount "60"]
[EventDate "2021.07.05"]
[EventType "swiss"]
[EventRounds "9"]
[EventCountry "ESP"]
[SourceTitle "Ajedrez en Madrid"]
[Source "lmi"]
[SourceDate "2021.07.05"]
[SourceVersion "1"]
[SourceVersionDate "2021.07.12"]
[SourceQuality "1"]

1. e4 c5 2. Nf3 Nf6 3. Nc3 d6 4. d4 cxd4 5. Nxd4 a6 6. Bg5 e6 7. Qd2 h6 8. Bxf6
Qxf6 9. O-O-O Nc6 10. Qe3 Qd8 11. f4 Be7 12. Kb1 Qc7 13. Be2 Bd7 14. Rhf1 O-O
15. g4 b5 16. Nxc6 Bxc6 17. Bd3 Bf6 18. e5 dxe5 19. Ne4 Bxe4 20. Qxe4 g6 21. f5
exf5 22. gxf5 g5 23. h4 Rfd8 24. hxg5 hxg5 25. Rh1 Rac8 26. Rh6 Rd4 27. Qe2 Qc6
28. Rg1 e4 29. Rxg5+ Kf8 30. Qh5 exd3 0-1

[Event "40. Open Benasque 2021"]
[Site "Benasque ESP"]
[Date "2021.07.06"]
[Round "2.3"]
[White "De la Cruz Revilla, Miguel"]
[Black "Iturrizaga Bonelli, Eduardo"]
[Result "0-1"]
[WhiteElo "2173"]
[BlackElo "2607"]
[PlyCount "66"]
[EventDate "2021.07.05"]
[EventType "swiss"]
[EventRounds "9"]
[EventCountry "ESP"]
[SourceTitle "Ajedrez en Madrid"]
[Source "lmi"]
[SourceDate "2021.07.05"]
[SourceVersion "1"]
[SourceVersionDate "2021.07.12"]
[SourceQuality "1"]

1. e4 c5 2. Nf3 Nc6 3. d4 cxd4 4. Nxd4 Qb6 5. Nb5 a6 6. Be3 Qa5+ 7. N5c3 Nf6 8.
Nd2 e6 9. Nc4 Qc7 10. Nb6 Rb8 11. a3 Ne5 12. Be2 h5 13. Qd4 Neg4 14. Bxg4 Nxg4
15. Ncd5 exd5 16. Nxd5 Qe5 17. f3 Qxd4 18. Bxd4 b5 19. fxg4 hxg4 20. O-O-O Bb7
21. Ba7 Rc8 22. Nb6 Rd8 23. Nd5 Rc8 24. Nb6 Rc7 25. Bb8 Rc6 26. Nxd7 Be7 27.
Be5 f6 28. Bg3 Re6 29. Rhe1 Rxe4 30. Rxe4 Bxe4 31. Nb8 a5 32. Re1 f5 33. Nc6
Bxc6 0-1

[Event "40. Open Benasque 2021"]
[Site "Benasque ESP"]
[Date "2021.07.06"]
[Round "2.4"]
[White "Romero Pallares, Daniel"]
[Black "Santos Ruiz, Miguel"]
[Result "0-1"]
[WhiteElo "2170"]
[BlackElo "2594"]
[PlyCount "110"]
[EventDate "2021.07.05"]
[EventType "swiss"]
[EventRounds "9"]
[EventCountry "ESP"]
[SourceTitle "Ajedrez en Madrid"]
[Source "lmi"]
[SourceDate "2021.07.05"]
[SourceVersion "1"]
[SourceVersionDate "2021.07.12"]
[SourceQuality "1"]

1. d4 Nf6 2. Nf3 d5 3. Bf4 c5 4. e3 Nc6 5. Nbd2 Nh5 6. dxc5 Nxf4 7. exf4 Qa5 8.
c4 Qxc5 9. b4 Nxb4 10. a3 Nc6 11. Nb3 Qb6 12. cxd5 Nb8 13. Rc1 Bd7 14. Ne5 g6
15. Nc4 Qf6 16. Nc5 Bh6 17. g3 O-O 18. Bg2 Rc8 19. Nxd7 Nxd7 20. O-O Qa6 21.
Qb3 Rc7 22. Ne3 Rac8 23. Rxc7 Rxc7 24. Rd1 Nf6 25. d6 exd6 26. Rb1 b6 27. Rd1
Bf8 28. Nd5 Nxd5 29. Bxd5 Qe2 30. Bf3 Qc2 31. Qd5 Qc5 32. Qa8 Qxa3 33. Kg2 Rc2
34. Re1 Qc5 35. Re2 Rxe2 36. Bxe2 b5 37. Qb7 b4 38. Bf3 a5 39. Bd5 Be7 40. h4
a4 41. h5 gxh5 42. f5 Kg7 43. Ba2 b3 44. Qxe7 Qxf5 45. Bxb3 axb3 46. Qxd6 Qe4+
47. f3 Qe2+ 48. Kg1 Qxf3 49. Qe5+ Qf6 50. Qb5 b2 51. Kg2 h6 52. Kh3 Qd4 53. Qb7
Qg4+ 54. Kh2 Qe2+ 55. Kh3 Qf1+ 0-1

[Event "40. Open Benasque 2021"]
[Site "Benasque ESP"]
[Date "2021.07.06"]
[Round "2.5"]
[White "Thybo, Jesper Sondergaard"]
[Black "Alfaya Marcelo, Roberto"]
[Result "1-0"]
[WhiteElo "2575"]
[BlackElo "2170"]
[PlyCount "63"]
[EventDate "2021.07.05"]
[EventType "swiss"]
[EventRounds "9"]
[EventCountry "ESP"]
[SourceTitle "Ajedrez en Madrid"]
[Source "lmi"]
[SourceDate "2021.07.05"]
[SourceVersion "1"]
[SourceVersionDate "2021.07.12"]
[SourceQuality "1"]

1. d4 Nf6 2. c4 e6 3. g3 d5 4. Bg2 Be7 5. Nf3 O-O 6. O-O c6 7. Qc2 Ne4 8. b3
Nd7 9. Ba3 Bxa3 10. Nxa3 Qe7 11. Nb1 a5 12. Ne5 f5 13. Nxd7 Bxd7 14. Nd2 Nxd2
15. Qxd2 a4 16. Qc3 b5 17. Qe3 Qd6 18. f4 Ra7 19. Rab1 axb3 20. c5 Qc7 21. axb3
Ra2 22. Ra1 Rfa8 23. Rxa2 Rxa2 24. Bf3 b4 25. g4 fxg4 26. Bxg4 e5 27. fxe5 Bxg4
28. Qf4 h5 29. Qf8+ Kh7 30. Rf7 Qxf7 31. Qxf7 Rxe2 32. h3 1-0

[Event "40. Open Benasque 2021"]
[Site "Benasque ESP"]
[Date "2021.07.06"]
[Round "2.6"]
[White "Muñoz Avila, Jose Luis"]
[Black "Forcen Esteban, Daniel"]
[Result "0-1"]
[WhiteElo "2164"]
[BlackElo "2566"]
[PlyCount "76"]
[EventDate "2021.07.05"]
[EventType "swiss"]
[EventRounds "9"]
[EventCountry "ESP"]
[SourceTitle "Ajedrez en Madrid"]
[Source "lmi"]
[SourceDate "2021.07.05"]
[SourceVersion "1"]
[SourceVersionDate "2021.07.12"]
[SourceQuality "1"]

1. Nf3 g6 2. d4 Bg7 3. c4 d6 4. Nc3 e5 5. g3 Nc6 6. d5 Nce7 7. Bg2 f5 8. O-O
Nf6 9. e4 O-O 10. Ne1 f4 11. Nd3 g5 12. c5 Ng6 13. Qc2 Rf7 14. Bd2 Bf8 15. b4
h5 16. Rfc1 h4 17. cxd6 cxd6 18. Nb5 Bd7 19. a4 a6 20. Na3 Nh5 21. Be1 g4 22.
b5 Bh6 23. bxa6 bxa6 24. Nc4 fxg3 25. fxg3 Rc8 26. Qe2 Bxc1 27. Rxc1 Nf6 28.
Ba5 Qf8 29. Bb4 Ne8 30. Nb6 Rxc1+ 31. Nxc1 Nf6 32. Nxd7 Rxd7 33. Qxa6 Qh6 34.
Qc8+ Nf8 35. Qc3 hxg3 36. hxg3 Rh7 37. Qd2 Qh2+ 38. Kf1 Nxe4 0-1

[Event "40. Open Benasque 2021"]
[Site "Benasque ESP"]
[Date "2021.07.07"]
[Round "3.1"]
[White "Garcia Ramos, Daniel"]
[Black "Nisipeanu, Liviu Dieter"]
[Result "0-1"]
[WhiteElo "2408"]
[BlackElo "2656"]
[PlyCount "52"]
[EventDate "2021.07.05"]
[EventType "swiss"]
[EventRounds "9"]
[EventCountry "ESP"]
[SourceTitle "Ajedrez en Madrid"]
[Source "lmi"]
[SourceDate "2021.07.05"]
[SourceVersion "1"]
[SourceVersionDate "2021.07.12"]
[SourceQuality "1"]

1. e4 c6 2. Nc3 d5 3. Nf3 Bg4 4. h3 Bxf3 5. Qxf3 e6 6. d3 Nd7 7. Bd2 g6 8. g4
Bg7 9. Bg2 Ne7 10. Qg3 Qb6 11. Rb1 h5 12. g5 h4 13. Qg4 dxe4 14. Nxe4 Nf5 15.
O-O O-O 16. b4 Qa6 17. Nc3 b5 18. Be4 Rac8 19. Bxf5 exf5 20. Qxh4 Rfe8 21. Rb3
c5 22. a4 bxa4 23. Rbb1 cxb4 24. Nd5 b3 25. c4 a3 26. Rxb3 a2 0-1

[Event "40. Open Benasque 2021"]
[Site "Benasque ESP"]
[Date "2021.07.07"]
[Round "3.2"]
[White "Lagarde, Maxime"]
[Black "Suarez Uriel, Adrian"]
[Result "1-0"]
[WhiteElo "2648"]
[BlackElo "2355"]
[PlyCount "75"]
[EventDate "2021.07.05"]
[EventType "swiss"]
[EventRounds "9"]
[EventCountry "ESP"]
[SourceTitle "Ajedrez en Madrid"]
[Source "lmi"]
[SourceDate "2021.07.05"]
[SourceVersion "1"]
[SourceVersionDate "2021.07.12"]
[SourceQuality "1"]

1. c4 c5 2. Nc3 Nc6 3. g3 g6 4. Bg2 Bg7 5. d3 d6 6. Qd2 Nh6 7. h4 Nd4 8. e3 Nc6
9. b3 Bf5 10. Bb2 Ng4 11. Bxc6+ bxc6 12. f3 Ne5 13. e4 Bc8 14. h5 g5 15. h6 Bf6
16. O-O-O Rg8 17. Kb1 Ng6 18. Nge2 e5 19. Rdf1 Nf8 20. Nd1 a5 21. f4 Ne6 22.
fxe5 Bxe5 23. d4 cxd4 24. Nxd4 Nxd4 25. Bxd4 Be6 26. Ne3 a4 27. Nf5 Bxf5 28.
Rxf5 Bxd4 29. Qxd4 axb3 30. axb3 Qb8 31. Qb2 Qa7 32. c5 O-O-O 33. Rhf1 dxc5 34.
Rxf7 Rd7 35. Qf6 Qb6 36. Qe6 Rgd8 37. Rxd7 Rxd7 38. Rf7 1-0

[Event "40. Open Benasque 2021"]
[Site "Benasque ESP"]
[Date "2021.07.07"]
[Round "3.3"]
[White "Iturrizaga Bonelli, Eduardo"]
[Black "Eizaguerri Floris, Maria"]
[Result "1-0"]
[WhiteElo "2607"]
[BlackElo "2304"]
[PlyCount "101"]
[EventDate "2021.07.05"]
[EventType "swiss"]
[EventRounds "9"]
[EventCountry "ESP"]
[SourceTitle "Ajedrez en Madrid"]
[Source "lmi"]
[SourceDate "2021.07.05"]
[SourceVersion "1"]
[SourceVersionDate "2021.07.12"]
[SourceQuality "1"]

1. c4 e5 2. g3 Nc6 3. Bg2 Bc5 4. Nc3 d6 5. Nf3 Nf6 6. O-O O-O 7. e3 a6 8. h3
Ba7 9. d4 h6 10. dxe5 dxe5 11. Qxd8 Rxd8 12. b3 Bf5 13. Nh4 Bd3 14. Rd1 Bc2 15.
Rxd8+ Rxd8 16. Ba3 Rd7 17. Rc1 Bh7 18. Bxc6 bxc6 19. Nf3 Ne4 20. Nxe5 Nxc3 21.
Nxd7 Ne2+ 22. Kf1 Nxc1 23. Bxc1 Bb1 24. Ba3 Bxa2 25. Bc5 Bb6 26. Bxb6 cxb6 27.
c5 bxc5 28. Nxc5 Bb1 29. e4 Kf8 30. Ke2 Ke7 31. Ke3 Kd6 32. Kd4 f6 33. Nxa6 Bc2
34. Nc5 g5 35. b4 Bd1 36. f4 h5 37. e5+ fxe5+ 38. fxe5+ Ke7 39. Ne4 h4 40. g4
Kf7 41. Nxg5+ Kg6 42. Ne6 Bf3 43. Ke3 Bh1 44. Kf4 Bg2 45. Ng5 Bf1 46. Nf3 Bxh3
47. Nxh4+ Kf7 48. Kf5 Ke7 49. Ng6+ Kf7 50. e6+ Ke8 51. Ne5 1-0

[Event "40. Open Benasque 2021"]
[Site "Benasque ESP"]
[Date "2021.07.07"]
[Round "3.4"]
[White "Santos Ruiz, Miguel"]
[Black "Esplugas Esteve, Vicenc"]
[Result "1-0"]
[WhiteElo "2594"]
[BlackElo "2290"]
[PlyCount "71"]
[EventDate "2021.07.05"]
[EventType "swiss"]
[EventRounds "9"]
[EventCountry "ESP"]
[SourceTitle "Ajedrez en Madrid"]
[Source "lmi"]
[SourceDate "2021.07.05"]
[SourceVersion "1"]
[SourceVersionDate "2021.07.12"]
[SourceQuality "1"]

1. d4 e6 2. Nf3 Nf6 3. Bf4 c5 4. e3 d5 5. Nbd2 Nc6 6. c3 cxd4 7. exd4 Nh5 8.
Be3 Bd6 9. Ne5 g6 10. f4 f6 11. Nd3 Ng7 12. Nf3 Qc7 13. g3 b6 14. Bg2 Bb7 15.
O-O O-O 16. Rc1 Rfc8 17. Bf2 a5 18. a4 Ba6 19. Re1 Qd7 20. b3 Ra7 21. Bf1 Nd8
22. Qd2 Nf7 23. Qa2 Bf8 24. c4 Rac7 25. c5 Bxd3 26. Bxd3 bxc5 27. Ba6 Ra8 28.
Bb5 Qc8 29. Qc2 c4 30. bxc4 dxc4 31. Nd2 Ba3 32. Ne4 Qd8 33. Rcd1 Bb4 34. d5
Bxe1 35. Bxe1 f5 36. dxe6 1-0

[Event "40. Open Benasque 2021"]
[Site "Benasque ESP"]
[Date "2021.07.07"]
[Round "3.5"]
[White "Roeder, Mathias"]
[Black "Thybo, Jesper Sondergaard"]
[Result "1/2-1/2"]
[WhiteElo "2367"]
[BlackElo "2575"]
[PlyCount "108"]
[EventDate "2021.07.05"]
[EventType "swiss"]
[EventRounds "9"]
[EventCountry "ESP"]
[SourceTitle "Ajedrez en Madrid"]
[Source "lmi"]
[SourceDate "2021.07.05"]
[SourceVersion "1"]
[SourceVersionDate "2021.07.12"]
[SourceQuality "1"]

1. Nf3 Nf6 2. g3 b5 3. e3 a6 4. a4 b4 5. Bg2 Bb7 6. O-O e6 7. d3 c5 8. c4 Be7
9. Nbd2 O-O 10. b3 d5 11. Bb2 Nbd7 12. Qe2 Qc7 13. Rac1 Rfe8 14. Rfd1 Rac8 15.
h3 a5 16. Rc2 Qb8 17. Rdc1 Qa8 18. Ne1 Bd6 19. g4 h6 20. h4 Nh7 21. f4 Qb8 22.
g5 hxg5 23. hxg5 e5 24. Qg4 Rcd8 25. f5 e4 26. dxe4 dxe4 27. Bxe4 Bh2+ 28. Kf1
Be5 29. Bxb7 Qxb7 30. Ndf3 Bxb2 31. Rxb2 Ne5 32. Nxe5 Qh1+ 33. Ke2 Rxe5 34. Rd1
Rde8 35. Ng2 Qh2 36. Kf2 g6 37. Rd5 Rxe3 38. Qf4 Qxf4+ 39. Nxf4 R3e4 40. fxg6
fxg6 41. Kf3 R4e5 42. Rxe5 Rxe5 43. Nxg6 Rxg5 44. Nf4 Kf7 45. Rd2 Nf6 46. Rd6
Rf5 47. Ke3 Re5+ 48. Kd3 Ng4 49. Ra6 Re3+ 50. Kd2 Rxb3 51. Nd3 Nh2 52. Nxc5
Nf3+ 53. Ke2 Nd4+ 54. Kd2 Rb2+ 1/2-1/2

[Event "40. Open Benasque 2021"]
[Site "Benasque ESP"]
[Date "2021.07.07"]
[Round "3.6"]
[White "Forcen Esteban, Daniel"]
[Black "Garcia Romero, Benjamin Abel"]
[Result "1-0"]
[WhiteElo "2566"]
[BlackElo "2275"]
[PlyCount "121"]
[EventDate "2021.07.05"]
[EventType "swiss"]
[EventRounds "9"]
[EventCountry "ESP"]
[SourceTitle "Ajedrez en Madrid"]
[Source "lmi"]
[SourceDate "2021.07.05"]
[SourceVersion "1"]
[SourceVersionDate "2021.07.12"]
[SourceQuality "1"]

1. d4 d5 2. Nf3 Nf6 3. Bf4 c5 4. e3 e6 5. Nbd2 Nc6 6. c3 Bd6 7. Bg3 O-O 8. Bd3
b6 9. e4 Bxg3 10. hxg3 h6 11. e5 Ne8 12. Qe2 f6 13. exf6 Nxf6 14. Ne5 Qc7 15.
Ndf3 Bb7 16. g4 Ne4 17. Nxc6 Bxc6 18. g5 Rxf3 19. Qxf3 Rf8 20. Qe3 Nxg5 21. O-O
Rf4 22. f3 Be8 23. g3 cxd4 24. cxd4 Rxd4 25. f4 Rxd3 26. Qxd3 Qc5+ 27. Kh2 Bb5
28. Qg6 Bxf1 29. Rxf1 Qb5 30. Rf2 Nf3+ 31. Kg2 Nd4 32. g4 Qd7 33. Rd2 Nc6 34.
f5 Nd8 35. fxe6 Qxe6 36. Qf5 Qe3 37. Qxd5+ Ne6 38. Rf2 Kh8 39. Qa8+ Kh7 40. Qf3
Qe1 41. Rc2 g5 42. Qf7+ Ng7 43. Rf2 Qe4+ 44. Qf3 Qc4 45. b3 Qd4 46. Re2 Qd7 47.
Qe4+ Kh8 48. Kf2 Qf7+ 49. Qf3 Qd7 50. Ke1 Qd6 51. Qe4 a5 52. Rd2 Qg3+ 53. Kd1
Qg1+ 54. Kc2 Qc5+ 55. Kb2 Qf8 56. a4 Qf6+ 57. Qd4 Qe6 58. Rc2 Kh7 59. Rc7 Qg6
60. Rb7 Kg8 61. Rxb6 1-0

[Event "40. Open Benasque 2021"]
[Site "Benasque ESP"]
[Date "2021.07.08"]
[Round "4.1"]
[White "Nisipeanu, Liviu Dieter"]
[Black "Sochacki, Christophe"]
[Result "1-0"]
[WhiteElo "2656"]
[BlackElo "2494"]
[PlyCount "79"]
[EventDate "2021.07.05"]
[EventType "swiss"]
[EventRounds "9"]
[EventCountry "ESP"]
[SourceTitle "Ajedrez en Madrid"]
[Source "lmi"]
[SourceDate "2021.07.05"]
[SourceVersion "1"]
[SourceVersionDate "2021.07.12"]
[SourceQuality "1"]

1. d4 Nf6 2. c4 e6 3. Nc3 d5 4. Bg5 Bb4 5. e3 h6 6. Bh4 O-O 7. cxd5 exd5 8. Bd3
c5 9. Nge2 Nc6 10. O-O cxd4 11. exd4 Be7 12. Bc2 Be6 13. a3 Qd7 14. Re1 Rac8
15. Nf4 Bf5 16. Bb3 Ne4 17. Bg3 Nxg3 18. hxg3 Bf6 19. Ncxd5 Bxd4 20. Ba4 Bc5
21. b4 Bd6 22. b5 Ne5 23. b6 Qd8 24. bxa7 Kh8 25. Ne3 Bh7 26. Qd4 Nc6 27. Bxc6
Rxc6 28. Rad1 Qa8 29. Nh5 Rg8 30. Rc1 Ra6 31. Nc4 Bf8 32. Ne5 Bg6 33. Nf4 Qxa7
34. Nfxg6+ fxg6 35. Nxg6+ Kh7 36. Qd3 Rxg6 37. Re6 Qxa3 38. Qxg6+ Kh8 39. Rc7
b5 40. Qb1 1-0

[Event "40. Open Benasque 2021"]
[Site "Benasque ESP"]
[Date "2021.07.08"]
[Round "4.2"]
[White "Riff, Jean Noel"]
[Black "Lagarde, Maxime"]
[Result "0-1"]
[WhiteElo "2499"]
[BlackElo "2648"]
[PlyCount "88"]
[EventDate "2021.07.05"]
[EventType "swiss"]
[EventRounds "9"]
[EventCountry "ESP"]
[SourceTitle "Ajedrez en Madrid"]
[Source "lmi"]
[SourceDate "2021.07.05"]
[SourceVersion "1"]
[SourceVersionDate "2021.07.12"]
[SourceQuality "1"]

1. e4 c5 2. Nf3 d6 3. d4 cxd4 4. Nxd4 Nf6 5. Nc3 a6 6. Be2 e5 7. Nb3 Be7 8. O-O
O-O 9. Kh1 Nbd7 10. a4 b6 11. Be3 Bb7 12. f3 Rc8 13. Rf2 Rc7 14. Bf1 Qa8 15.
Rd2 Rfc8 16. Qe2 Rxc3 17. bxc3 d5 18. exd5 Rxc3 19. Bd4 Rc8 20. Bxe5 Re8 21. c4
Bb4 22. f4 Nxe5 23. fxe5 Bc3 24. Re1 Rxe5 25. Qxe5 Bxe5 26. Rxe5 Qd8 27. Rde2
g6 28. Nd4 Qc7 29. Re1 Ng4 30. Re8+ Kg7 31. Nf3 Nf2+ 32. Kg1 Qc5 33. h3 b5 34.
axb5 axb5 35. R1e7 Ne4+ 36. Kh2 Nd6 37. Rxb7 bxc4 38. Rbb8 Nxe8 39. Rxe8 c3 40.
Bd3 Qc7+ 41. Kh1 c2 42. Bxc2 Qxc2 43. Re5 Qd1+ 44. Kh2 Kf6 0-1

[Event "40. Open Benasque 2021"]
[Site "Benasque ESP"]
[Date "2021.07.08"]
[Round "4.3"]
[White "Demuth, Adrien"]
[Black "Iturrizaga Bonelli, Eduardo"]
[Result "1/2-1/2"]
[WhiteElo "2483"]
[BlackElo "2607"]
[PlyCount "75"]
[EventDate "2021.07.05"]
[EventType "swiss"]
[EventRounds "9"]
[EventCountry "ESP"]
[SourceTitle "Ajedrez en Madrid"]
[Source "lmi"]
[SourceDate "2021.07.05"]
[SourceVersion "1"]
[SourceVersionDate "2021.07.12"]
[SourceQuality "1"]

1. e4 c5 2. d3 Nc6 3. g3 d5 4. exd5 Qxd5 5. Nf3 Bg4 6. Bg2 Nd4 7. Nbd2 Qe6+ 8.
Kf1 O-O-O 9. h3 Bxf3 10. Nxf3 f6 11. Nxd4 cxd4 12. c3 dxc3 13. Qa4 Qa6 14. Qxa6
bxa6 15. bxc3 Rxd3 16. Ke2 Rd7 17. Be3 e6 18. Rhd1 Rc7 19. Rab1 Ne7 20. Rd6 Nf5
21. Rxe6 Nxe3 22. Re8+ Kd7 23. Rxe3 Bc5 24. Rd1+ Kc8 25. Re6 Bb6 26. Bc6 Kb8
27. c4 Rhc8 28. Bd5 Rd7 29. f4 Rc5 30. a4 Kc7 31. Re8 Ra5 32. Rc8+ Kxc8 33. Be6
Kb8 34. Bxd7 Kc7 35. Be8 Kc8 36. Bd7+ Kc7 37. Be8 Kc8 38. Bd7+ 1/2-1/2

[Event "40. Open Benasque 2021"]
[Site "Benasque ESP"]
[Date "2021.07.08"]
[Round "4.4"]
[White "Castellanos Rodriguez, Renier"]
[Black "Santos Ruiz, Miguel"]
[Result "1/2-1/2"]
[WhiteElo "2479"]
[BlackElo "2594"]
[PlyCount "28"]
[EventDate "2021.07.05"]
[EventType "swiss"]
[EventRounds "9"]
[EventCountry "ESP"]
[SourceTitle "Ajedrez en Madrid"]
[Source "lmi"]
[SourceDate "2021.07.05"]
[SourceVersion "1"]
[SourceVersionDate "2021.07.12"]
[SourceQuality "1"]

1. e4 e5 2. Nf3 Nc6 3. Bb5 a6 4. Ba4 Nf6 5. d3 d6 6. c3 g6 7. O-O Bg7 8. Nbd2
O-O 9. Re1 Re8 10. h3 h6 11. Nf1 b5 12. Bc2 Bb7 13. Ng3 Nb8 14. d4 Nbd7 1/2-1/2

[Event "40. Open Benasque 2021"]
[Site "Benasque ESP"]
[Date "2021.07.08"]
[Round "4.5"]
[White "Loiseau, Quentin"]
[Black "Forcen Esteban, Daniel"]
[Result "0-1"]
[WhiteElo "2459"]
[BlackElo "2566"]
[PlyCount "74"]
[EventDate "2021.07.05"]
[EventType "swiss"]
[EventRounds "9"]
[EventCountry "ESP"]
[SourceTitle "Ajedrez en Madrid"]
[Source "lmi"]
[SourceDate "2021.07.05"]
[SourceVersion "1"]
[SourceVersionDate "2021.07.12"]
[SourceQuality "1"]

1. d4 e6 2. c4 Nf6 3. Nf3 c5 4. d5 d6 5. Nc3 exd5 6. cxd5 g6 7. Bf4 Bg7 8. Qa4+
Bd7 9. Qb3 b5 10. Bxd6 Qb6 11. Be5 O-O 12. e3 c4 13. Qd1 b4 14. Ne2 Bb5 15. Nf4
Nbd7 16. Bd4 Qb7 17. Rc1 Rac8 18. Be2 Rfd8 19. O-O Nb6 20. b3 Nfxd5 21. Nxd5
Rxd5 22. bxc4 Bxc4 23. Bxc4 Rxc4 24. Qb3 Bxd4 25. Nxd4 Rg5 26. g3 Rgc5 27. Rxc4
Nxc4 28. Rd1 Ne5 29. a3 a5 30. axb4 axb4 31. Qa4 Rc8 32. Rb1 Rb8 33. h4 h5 34.
Qa5 Qe4 35. Rxb4 Ra8 36. Nc2 Nf3+ 37. Kh1 Nd4+ 0-1